UFC Top 100 Fighters - Statistics

General Stats
  • This quiz has been taken 864 times
    621 since last reset
  • The average score is 48 of 100
Answer Stats
Ranking Fighter % Correct
1 Jon Jones
96%
11 Khabib Nurmagomedov
96%
9 Islam Makhachev
94%
20 Conor McGregor
90%
2 Georges St.Pierre
90%
3 Anderson Silva
88%
8 Alex Pereira
87%
4 Demetrious Johnson
86%
5 Daniel Cormier
84%
15 Israel Adesanya
84%
10 Ilia Topuria
82%
13 Alexander Volkanovski
81%
42 Charles Oliveira
81%
24 Max Holloway
78%
6 Jose Aldo
76%
14 Kamaru Usman
75%
69 Dustin Poirier
74%
29 Khamzat Chimaev
74%
16 Merab Dvalishvili
73%
72 Justin Gaethje
71%
18 Alexandre Pantoja
70%
19 Stipe Miocic
66%
36 Tom Aspinall
66%
49 Sean O'Malley
65%
35 Francis Ngannou
64%
48 Petr Yan
63%
68 Sean Strickland
60%
32 Dricus du Plessis
59%
43 Leon Edwards
59%
63 Magomed Ankalaev
59%
59 Brandon Moreno
58%
62 Jiri Prochazka
58%
12 Henry Cejudo
57%
73 Brock Lesnar
56%
25 Dominick Cruz
55%
60 Tony Ferguson
55%
46 Robert Whittaker
54%
67 Belal Muhammad
53%
83 Ciryl Gane
53%
21 BJ Penn
51%
54 Quinton Jackson
51%
39 TJ Dillashaw
50%
34 Aljamain Sterling
49%
22 Chuck Liddell
49%
7 Randy Couture
49%
66 Jack Della Maddalena
48%
17 Matt Hughes
48%
55 Michael Bisping
48%
28 Cain Velasquez
47%
52 Deiveson Figueiredo
46%
27 Tyron Woodley
45%
61 Lyoto Machida
44%
70 Eddie Alvarez
43%
77 Jamahal Hill
42%
50 Jan Blachowicz
42%
47 Rafael dos Anjos
42%
98 Chael Sonnen
41%
65 Glover Teixeira
41%
64 Cody Garbrandt
40%
53 Anthony Pettis
38%
30 Benson Henderson
38%
51 Junior dos Santos
38%
33 Chris Weidman
37%
99 Royce Gracie
37%
91 Dan Henderson
36%
31 Frankie Edgar
36%
38 Robbie Lawler
36%
90 Donald Cerrone
35%
74 Luke Rockhold
35%
23 Tito Ortiz
35%
57 Frank Mir
34%
58 Mauricio Rua
34%
81 Vitor Belfort
33%
71 Yoel Romero
33%
85 Colby Covington
31%
56 Fabricio Werdum
31%
94 Diego Lopes
29%
78 Rashad Evans
29%
41 Renan Barao
28%
86 Yair Rodriguez
28%
76 Forest Griffin
27%
96 Edson Barboza
26%
26 Frank Shamrock
26%
88 Stephen Thompson
25%
93 Mark Coleman
24%
92 Uriah Faber
24%
37 Jens Pulver
23%
87 Jim Miller
22%
95 Carlos Condit
21%
82 Kevin Randleman
21%
79 Maurice Smith
21%
40 Rich Franklin
21%
75 Tim Sylvia
21%
80 Andrei Arlovski
20%
45 Bas Rutten
19%
84 Antonio Rogerio Nogueira
18%
89 Curtis Blaydes
18%
44 Pat Miletich
18%
97 Matt Brown
10%
100 Gegard Mousasi
6%
No matching quizzes found
Score Distribution
Percent of People with Each Score
Percentile by Number Answered
Your Score History
You have not taken this quiz since the last reset